Absolventi škôl bez práce

Napriek čiastočnému poklesu nezamestnanosti zavedením verejnoprospešných prác je situácia na trhu práce naďalej zložitá. Doba evidencie nezamestnaných absolventov škôl. Absencia rozvojových zámerov regiónov.

Gespeichert in:
Bibliographische Detailangaben
1. Verfasser: Polakovič, Ivan
Format: Buchkapitel
Sprache:Slowakisch
Schlagworte:
Tags: Tag hinzufügen
Keine Tags, Fügen Sie das erste Tag hinzu!

MARC

LEADER 00000naa a2200000 4500
001 r039699
005 20230920071809.8
041 0 |a slo 
044 |a SK 
245 1 0 |a Absolventi škôl bez práce  |c Ivan Polakovič 
520 |a Napriek čiastočnému poklesu nezamestnanosti zavedením verejnoprospešných prác je situácia na trhu práce naďalej zložitá. Doba evidencie nezamestnaných absolventov škôl. Absencia rozvojových zámerov regiónov. 
610 2 0 |a trh práce 
610 2 0 |a nezamestnanosť 
610 2 0 |a absolventi 
610 2 0 |a Slovensko 
610 2 0 |a regióny 
100 1 |a Polakovič, Ivan